| 000 | 00777nam a22002177a 4500 | ||
|---|---|---|---|
| 999 |
_c2331 _d2331 |
||
| 003 | DO-SdBJH | ||
| 005 | 20200528190959.0 | ||
| 008 | 180320b ||||| |||| 00| 0 sep d | ||
| 020 | _a9788498920802 | ||
| 040 |
_aDO-SdBJH _bspa _cDO-SdBJH |
||
| 082 | _a958.1 S792s 2010 | ||
| 100 | _aStanton, Doug | ||
| 245 |
_aSoldados a caballo : _buna extraordinaria historia de guerra del siglo XXI / _cDoug Stanton, traducción castellana Enrique Herrando Pérez. |
||
| 260 |
_aBarcelona : _bCrítica, _c 2010. |
||
| 300 |
_a505 páginas. : _bilustrado con mapas |
||
| 490 | _aMemoria crítica | ||
| 504 | _aIncluye referencias bibliográficas | ||
| 651 | _aAfganistán -- Guerra siglo XXI -- Historia | ||
| 700 |
_aHerrando Pérez, Enrique _etraducción |
||
| 942 |
_2ddc _cBK _z3 |
||